00715nam a2200241 a 4500001001300000003000900013005001700022008004100039020002600080082001700106100002200123245004900145260002500194300000900219500003500228505001000263650002800273700002200301902000800323942000700331952011800338999001700456nice12345678IN_TiNIC20260116013926.0050524s1995 lona grp 000 0 eng  a0304381 c729.2700a241.641bSIP aSipe, A W Richard aSex, Priests and Powerb Anatomy of a Crisis aLondonbCasselc1995 a220p aincludes index and biblioraphy2 aIndex aClergy-Sexual Behaviour1 aSipe, A W Richard bSRS cBK 001040708StackRoom-aHMIbHMId2007-06-29g729.27l0o241.641 SIPp017530r2007-06-29v729.27w2005-05-24yBK c13135d13135